Guía Estadística 1983

Guardado en:
Detalles Bibliográficos
Formato: Libro
Lenguaje:español
Publicado: Habana Comité estatal de estadísticas 1983
Etiquetas: Agregar Etiqueta
Sin Etiquetas, Sea el primero en etiquetar este registro!

MARC

LEADER 00000nam a2200000 4500
001 c114915
005 20041019155159.9
041 0 |a spa 
044 |a CU 
245 1 0 |a Guía Estadística 1983 
264 1 |a Habana  |b Comité estatal de estadísticas  |c 1983 
300 |a 27 s.